[Event "9th Africa-ch (w)"]
[Site "Cairo EGY"]
[Date "2015.05.06"]
[Round "5.10"]
[White "Botlhole, Kgalalelo"]
[Black "Mohammed, Ibtihal"]
[Result "1-0"]
[WhiteElo "1785"]
[BlackElo "1410"]
[EventDate "2015.05.02"]
[PlyCount "107"]

1.c4 c5 2.Nc3 g6 3.g3 Bg7 4.Bg2 Nc6 5.Nf3 b6 6.O-O Bb7 7.e3 e5 8.d3 Nge7 
9.e4 O-O 10.Nd5 d6 11.Bg5 h6 12.Be3 Nxd5 13.cxd5 Ne7 14.Qd2 Kh7 15.Ne1 f5 
16.f4 fxe4 17.dxe4 exf4 18.Rxf4 Rxf4 19.gxf4 Qf8 20.Rc1 Rd8 21.Nf3 Qf6 22.
Rc2 Ba8 23.Qd3 Bb7 24.Rf2 Qf7 25.Rc2 Qf6 26.Qd2 Qf7 27.b4 Bxd5 28.exd5 
Nxd5 29.bxc5 Nxe3 30.Qxe3 dxc5 31.Rd2 Rxd2 32.Qxd2 Qc4 33.Ne5 Qd4+ 34.Qxd4
cxd4 35.Nc6 d3 36.Kf2 d2 37.Ke2 Bc3 38.Nxa7 Kg7 39.Nb5 Ba5 40.Be4 Kf6 41.
Na3 g5 42.f5 h5 43.Nc4 Bb4 44.Nxb6 g4 45.Nd5+ Ke5 46.Nxb4 Kxe4 47.f6 d1=Q+
48.Kxd1 Kf3 49.f7 Kg2 50.f8=Q Kxh2 51.Qf2+ Kh3 52.Nd3 g3 53.Qf1+ g2 54.
Nf4+ 1-0

[Event "9th Africa-ch (w)"]
[Site "Cairo EGY"]
[Date "2015.05.06"]
[Round "5.11"]
[White "Mohammed, Tayseer"]
[Black "Nasreldin, Zeinab"]
[Result "1/2-1/2"]
[WhiteElo "1459"]
[BlackElo "1577"]
[EventDate "2015.05.02"]
[PlyCount "60"]

1.d4 d5 2.Nf3 Nf6 3.Bf4 Nc6 4.c3 a6 5.h3 Bf5 6.Nbd2 h6 7.e3 e6 8.Be2 Bd6 
9.Bxd6 Qxd6 10.O-O O-O 11.Re1 e5 12.dxe5 Nxe5 13.Nxe5 Qxe5 14.Nf3 Qd6 15.
c4 Rfd8 16.b3 dxc4 17.Qxd6 Rxd6 18.Bxc4 Be6 19.Bxe6 Rxe6 20.Red1 b5 21.Nh2
c5 22.Ng4 c4 23.Nxf6+ Rxf6 24.bxc4 bxc4 25.Rac1 Rc6 26.g4 Re8 27.Rd4 Rec8 
28.Kf1 g6 29.Rdd1 Kf8 30.f4 Ke7 1/2-1/2

[Event "9th Africa-ch (w)"]
[Site "Cairo EGY"]
[Date "2015.05.07"]
[Round "6.1"]
[White "Khaled, Mouna"]
[Black "Mezioud, Amina"]
[Result "1-0"]
[WhiteElo "2125"]
[BlackElo "2083"]
[EventDate "2015.05.02"]
[PlyCount "73"]

1.f4 d5 2.Nf3 g6 3.d4 Bg7 4.e3 e6 5.Nbd2 c5 6.c3 b6 7.Bd3 Bb7 8.Ne5 Nc6 9.
Ndf3 f6 10.Nxc6 Bxc6 11.h4 Qc7 12.h5 g5 13.fxg5 fxg5 14.Qe2 O-O-O 15.Bd2 
Ne7 16.O-O-O h6 17.g4 Kb8 18.Be1 Ka8 19.Rg1 c4 20.Bc2 b5 21.Bg3 Qb7 22.a3 
a5 23.Rdf1 Nc8 24.Rf2 b4 25.axb4 axb4 26.Kd2 Qe7 27.Ra1+ Kb7 28.Qf1 Nd6 
29.Ne5 Be8 30.Ra5 Ra8 31.Qa1 bxc3+ 32.bxc3 Rxa5 33.Qxa5 Qc7 34.Qxc7+ Kxc7 
35.Nf7 e5 36.Nxh8 Bxh8 37.dxe5 1-0

[Event "9th Africa-ch (w)"]
[Site "Cairo EGY"]
[Date "2015.05.07"]
[Round "6.2"]
[White "Mohsen, Hend"]
[Black "Latreche, Sabrina"]
[Result "0-1"]
[WhiteElo "1754"]
[BlackElo "2037"]
[EventDate "2015.05.02"]
[PlyCount "60"]

1.e4 e5 2.Bc4 Bc5 3.d3 Nc6 4.Nc3 d6 5.f4 Bxg1 6.Rxg1 Qh4+ 7.g3 Qxh2 8.Be3 
exf4 9.gxf4 Qh4+ 10.Bf2 Qh6 11.Nd5 Kd8 12.Qf3 Nf6 13.Ne3 Nd4 14.Qd1 Qxf4 
15.Rg3 Ng4 16.Nxg4 Bxg4 17.Rxg4 Nf3+ 18.Kf1 Nh2+ 19.Ke1 Nxg4 20.Qe2 Nxf2 
21.Qxf2 Qxf2+ 22.Kxf2 Ke7 23.Ke3 Raf8 24.Rg1 g6 25.Kd2 f5 26.exf5 Rxf5 27.
Re1+ Re5 28.Rf1 Rf8 29.Rxf8 Kxf8 30.d4 Re7 0-1

[Event "9th Africa-ch (w)"]
[Site "Cairo EGY"]
[Date "2015.05.07"]
[Round "6.3"]
[White "Ehab, Tasnim"]
[Black "Shroohk, Wafa"]
[Result "0-1"]
[WhiteElo "1760"]
[BlackElo "2160"]
[EventDate "2015.05.02"]
[PlyCount "90"]

1.d4 Nf6 2.Nf3 e6 3.g3 Be7 4.Bg2 O-O 5.c4 Bb4+ 6.Bd2 Qe7 7.a3 Bxd2+ 8.
Nfxd2 d6 9.O-O e5 10.e3 a5 11.Nc3 Nc6 12.d5 Nb8 13.b4 Bg4 14.Qc2 Na6 15.
Qb2 Nd7 16.Nb5 f5 17.Rfe1 Rfc8 18.c5 e4 19.h3 Bh5 20.Nd4 Qf6 21.cxd6 cxd6 
22.g4 fxg4 23.Nxe4 Qg6 24.hxg4 Bxg4 25.f3 Bxf3 26.Nxf3 Qxe4 27.Nd4 Qg4 28.
Kh2 Qh4+ 29.Bh3 Rf8 30.Re2 Ne5 31.Rg1 Rae8 32.Rg3 h5 33.Reg2 Ng4+ 34.Kg1 
Re5 35.Nf3 Rxf3 36.Rxf3 Qe1+ 37.Rf1 Qxe3+ 38.Kh1 Qxh3+ 39.Kg1 Ne3 40.Qf2 
Qxg2+ 41.Qxg2 Nxg2 42.Kxg2 axb4 43.axb4 Nxb4 44.Rb1 Nxd5 45.Rxb7 g5 0-1

[Event "9th Africa-ch (w)"]
[Site "Cairo EGY"]
[Date "2015.05.07"]
[Round "6.5"]
[White "El-Gohary, Mayada"]
[Black "Hamza, Amira"]
[Result "1-0"]
[WhiteElo "1708"]
[BlackElo "1944"]
[EventDate "2015.05.02"]
[PlyCount "53"]

1.e4 e6 2.b3 d5 3.Bb2 dxe4 4.Nc3 Nf6 5.Qe2 Be7 6.O-O-O O-O 7.g4 Nc6 8.Nxe4
Nxe4 9.Qxe4 Bf6 10.d4 Qd5 11.Bd3 Qxe4 12.Bxe4 Rd8 13.Nf3 g6 14.h4 a5 15.g5
Bg7 16.a3 Ne7 17.h5 Nd5 18.hxg6 hxg6 19.Rh4 a4 20.b4 Nb6 21.Bd3 Bd7 22.
Rdh1 Kf8 23.Rh7 Bc6 24.Rxg7 Bxf3 25.Rhh7 Rd7 26.d5 Nxd5 27.Bf6 1-0

[Event "9th Africa-ch (w)"]
[Site "Cairo EGY"]
[Date "2015.05.07"]
[Round "6.6"]
[White "Sabure, Tuduetso"]
[Black "El-Ansary, Eman"]
[Result "0-1"]
[WhiteElo "1879"]
[BlackElo "1863"]
[EventDate "2015.05.02"]
[PlyCount "84"]

1.e4 e6 2.d4 c5 3.Nf3 cxd4 4.Nxd4 Nc6 5.Be3 Nf6 6.Nc3 Bb4 7.f3 O-O 8.Qd2 
d5 9.Nxc6 bxc6 10.e5 Nd7 11.O-O-O Qa5 12.a3 Bxc3 13.Qxc3 Qxc3 14.bxc3 Nxe5
15.Rd4 a5 16.Rh4 Ba6 17.Bxa6 Rxa6 18.Bd4 Ng6 19.Rg4 c5 20.Bf2 Rb8 21.Re1 
Rc6 22.h4 f5 23.Rg5 Kf7 24.h5 Ne7 25.Bg3 Rg8 26.Be5 h6 27.Rg3 g5 28.hxg6+ 
Nxg6 29.f4 Nxe5 30.Rxg8 Kxg8 31.fxe5 c4 32.Rh1 Kg7 33.Rh4 Kg6 34.Kd2 Rb6 
35.Kc1 Kg5 36.g3 h5 37.Rf4 Rb7 38.Rh4 Kh6 39.Kd2 Rg7 40.Rh3 Rg4 41.Ke3 
Re4+ 42.Kf2 Rxe5 0-1

[Event "9th Africa-ch (w)"]
[Site "Cairo EGY"]
[Date "2015.05.07"]
[Round "6.8"]
[White "Francis, Onkemetse Linda"]
[Black "Rabiu, Olabisi"]
[Result "1-0"]
[WhiteElo "1759"]
[BlackElo "1543"]
[EventDate "2015.05.02"]
[PlyCount "55"]

1.e4 e5 2.Nf3 Nc6 3.d4 exd4 4.Bc4 Be7 5.O-O d6 6.Nxd4 Ne5 7.Bb3 Nf6 8.Nc3 
Bg4 9.f3 Bh5 10.Nf5 O-O 11.Bg5 h6 12.Nxe7+ Qxe7 13.Nd5 Qd8 14.Nxf6+ gxf6 
15.Bxh6 Re8 16.Qd2 Kh7 17.f4 Ng4 18.h3 Nxh6 19.g4 Rg8 20.Kh1 Bxg4 21.hxg4 
Rxg4 22.Rf2 Qe7 23.Qd3 Rh4+ 24.Rh2 Rxh2+ 25.Kxh2 Rg8 26.Rg1 Ng4+ 27.Rxg4 
Rxg4 28.Qh3+ 1-0

[Event "9th Africa-ch (w)"]
[Site "Cairo EGY"]
[Date "2015.05.07"]
[Round "6.9"]
[White "Mohammed, Ibtihal"]
[Black "Mwango, Makumba Lorita"]
[Result "0-1"]
[WhiteElo "1410"]
[BlackElo "1968"]
[EventDate "2015.05.02"]
[PlyCount "44"]

1.e4 e6 2.Nf3 d5 3.exd5 exd5 4.d4 Nf6 5.Nc3 Bb4 6.Bd2 O-O 7.a3 Bxc3 8.Bxc3
Re8+ 9.Be2 Qe7 10.Bb4 Qe6 11.Ng5 Qg4 12.Qd2 h6 13.O-O-O Rxe2 14.Qc3 Qxg5+ 
15.Kb1 Nc6 16.Rhe1 Rxf2 17.Qg3 Qxg3 18.hxg3 Nxb4 19.axb4 Bf5 20.Rc1 Re8 
21.Re5 Rxe5 22.dxe5 Ng4 0-1

[Event "9th Africa-ch (w)"]
[Site "Cairo EGY"]
[Date "2015.05.07"]
[Round "6.10"]
[White "Matoussi, Amani"]
[Black "Mohammed, Tayseer"]
[Result "1-0"]
[WhiteElo "1610"]
[BlackElo "1459"]
[EventDate "2015.05.02"]
[PlyCount "53"]

1.e4 c5 2.c3 e6 3.d4 cxd4 4.cxd4 d5 5.exd5 exd5 6.Nf3 Bb4+ 7.Bd2 Bxd2+ 8.
Nbxd2 Nc6 9.Be2 Nf6 10.O-O O-O 11.Re1 Bg4 12.Rc1 Bxf3 13.Nxf3 Qb6 14.b3 
Qb4 15.Bd3 Nxd4 16.Nxd4 Qxd4 17.Bxh7+ Kxh7 18.Qxd4 b6 19.Re3 Rfe8 20.Rh3+ 
Kg8 21.Qh4 Kf8 22.Qh8+ Ke7 23.Qxg7 Rg8 24.Re3+ Ne4 25.Qe5+ Kf8 26.Qxd5 Kg7
27.Rxe4 1-0